000 00541nmm a2200169Ia 4500
008 251105s9999||||xx |||||||||||||||||und||
020 _a9788477339229
041 _aspa
100 _aMartínez Latre, Concha
245 0 _aMusealizar la vida cotidiana. Los museos etnológicos del Alto Aragón
264 _a[Madrid, España] :
_bPrensas Universitarias de Zaragoza,
_c2007
300 _a482 páginas
490 _aCiencias sociales
650 _aArts in general
856 _uhttps://public.digitaliapublishing.com/a/2141
942 _cCF
999 _c85314
_d85314